Cartas desde mi molino

Zapisane w:
Opis bibliograficzny
1. autor: Daudet, Alphonse (Autor)
Format: Książka
Język:hiszpański
Wydane: Pamplona Salvat 1972
Seria:Biblioteca Básica Salvat
Hasła przedmiotowe:
Etykiety: Dodaj etykietę
Nie ma etykietki, Dołącz pierwszą etykiete!

MARC

LEADER 00000nam a2200000 a 4500
001 UCQ0761
003 CL-VaPUC
008 980703e19720000sp |||||||||||||||||spa|d
082 0 4 |a 846  |b DAU  |2 21 
100 0 |a Daudet, Alphonse  |e author  |9 414079 
245 1 0 |a Cartas desde mi molino 
300 |a 165 p 
942 |c BK 
945 |d 19980703 00:00:00  |a lriquelm 
260 |a Pamplona  |b Salvat  |c 1972 
650 0 |a Literatura francesa  |9 266330 
650 0 |a Correspondencia  |9 258963 
583 |a last modification  |c 20171212 05:23:37  |k Rodrigo Vera 
490 0 |a Biblioteca Básica Salvat 
999 |c 271794  |d 271792 
952 |0 0  |1 0  |4 0  |6 846_000000000000000_DAU_1972  |7 0  |8 A  |9 306557  |a BIBEDU  |b BIBEDU  |d 2019-11-20  |i 142596K  |o 846 DAU 1972  |p 142596K  |r 2019-11-20  |w 2019-11-20  |y BK  |k LIT